Литературни хрестомати. Дакъа 2 (Запись № 11043705)

Подробности
000 -МАРКЕР
контрольное поле 01004nam2a2200229 4500
001 - ИДЕНТИФИКАТОР ЗАПИСИ
контрольное поле RU\NLR\BIBL_A\011315128
005 - ИДЕНТИФИКАТОР ВЕРСИИ
контрольное поле 20200207103233.0
035 ## - ДРУГИЕ СИСТЕМНЫЕ НОМЕРА
Идентификатор записи (NLR Aleph) 011315128
100 ## - ДАННЫЕ ОБЩЕЙ ОБРАБОТКИ
Данные общей обработки 20170124d1938 c y0rusy50 ca
101 0# - ЯЗЫК РЕСУРСА
Язык текста, звукозаписи и т.д. ингушский
102 ## - СТРАНА ПУБЛИКАЦИИ ИЛИ ПРОИЗВОДСТВА
Страна публикации Российская Федерация
105 ## - ПОЛЕ КОДИРОВАННЫХ ДАННЫХ: ТЕКСТОВЫЕ МАТЕРИАЛЫ, МОНОГРАФИЧЕСКИЕ
Кодированные данные о монографическом текстовом документе ac z 000 y
200 0# - ЗАГЛАВИЕ И СВЕДЕНИЯ ОБ ОТВЕТСТВЕННОСТИ
Основное заглавие Дакъа 2
Сведения, относящиеся к заглавию 4-ча классана
Первые сведения об ответственности оттадаьраш С. Озиеви, И. Оздоеви
210 ## - ПУБЛИКАЦИЯ, РАСПРОСТРАНЕНИЕ И ДР.
Дата издания, распространения и т.д. 1938
215 ## - ФИЗИЧЕСКАЯ ХАРАКТЕРИСТИКА
Специфическое обозначение материала и объем 138 с.
Другие сведения о физической характеристике ил., портр.
461 #0 - УРОВЕНЬ НАБОРА
Встроенное поле 001RU\NLR\BIBL_A\011315127
-- 2001#$aЛитературни хрестомати$eюххьерча школен$vДакъа 2
Системный номер (АБИС) связанной записи 11043699
Место публикации Шолж-ГIала
Дата публикации 1938
Имя издателя, распространителя и т.д. НохчгIалгIпачхьалкхиздат
Сведения, относящиеся к заглавию юххьерча школен
Заглавие Литературни хрестомати
Номер тома Дакъа 2
702 #1 - ИМЯ ЛИЦА - ВТОРИЧНАЯ ОТВЕТСТВЕННОСТЬ
Начальный элемент ввода Озиев
Часть имени, кроме начального элемента ввода С. И.
Даты 1904-2002
Расширение инициалов личного имени Салман Исмаилович
Код отношения Составитель
852 ## - МЕСТОНАХОЖДЕНИЕ И ШИФР ХРАНЕНИЯ
Идентификатор организации NLR
Наименование фонда или коллекции (Sub-Location Identifier) ОНЛ
Шифр хранения (Call Number) Ингуш./3-333
942 ## - ДОПОЛНИТЕЛЬНЫЕ ЭЛЕМЕНТЫ ЗАПИСИ (АБИС)
Тип экземпляра АБИС Книга
980 ## - КОЛЛЕКЦИЯ
Название коллекции Национальная библиография
Экземпляры
Тип экземпляра Дата поступления Библиотека постоянного хранения Библиотека текущего хранения Место хранения Шифр хранения Штрих-код Статус экземпляра
Книга 24.01.2017 РНБ (Московский) РНБ (Московский) Фонд национальных литератур ОНЛ Ингуш./3-333 1-1445670